The 17 indisputable law of teamwork : (Record no. 49615)
| 000 -LEADER | |
|---|---|
| fixed length control field | 00420nam a2200121 4500 |
| 020 ## - INTERNATIONAL STANDARD BOOK NUMBER | |
| International Standard Book Number | 9789385869020 |
| 100 ## - MAIN ENTRY--PERSONAL NAME | |
| Personal name | Maxwell, John C. |
| 9 (RLIN) | 86732 |
| 245 ## - TITLE STATEMENT | |
| Title | The 17 indisputable law of teamwork : |
| Remainder of title | embrace them and empower your team / |
| Statement of responsibility, etc | John C. Maxwell. |
| 260 ## - PUBLICATION, DISTRIBUTION, ETC. (IMPRINT) | |
| Place of publication, distribution, etc | New Delhi - India: |
| Name of publisher, distributor, etc | Maanu Graphics -MG Books; |
| 300 ## - PHYSICAL DESCRIPTION | |
| Extent | 223 p. |
| 650 ## - SUBJECT ADDED ENTRY--TOPICAL TERM | |
| Topical term or geographic name as entry element | Leadership. Business. Self help. Management. |
| 9 (RLIN) | 86733 |
| 942 ## - ADDED ENTRY ELEMENTS (KOHA) | |
| Source of classification or shelving scheme | |
| Koha item type | NON FIC SECTION |
| Withdrawn status | Lost status | Source of classification or shelving scheme | Damaged status | Not for loan | Collection code | Home library | Current library | Shelving location | Date acquired | Total Checkouts | Full call number | Barcode | Date last seen | Date checked out | Price effective from | Koha item type |
|---|---|---|---|---|---|---|---|---|---|---|---|---|---|---|---|---|
| Non-Fiction | Asian Hope Secondary Library | Asian Hope Secondary Library | SECONDARY | 10/07/2025 | 1 | 658.402 MAX | 208740 | 02/20/2026 | 02/06/2026 | 10/07/2025 | NON FIC SECTION |